| 000 -LEADER | |
|---|---|
| fixed length control field | 00426nam a22001577a 4500 |
| 005 - DATE AND TIME OF LATEST TRANSACTION | |
| control field | 20190604155130.0 |
| 008 - FIXED-LENGTH DATA ELEMENTS--GENERAL INFORMATION | |
| fixed length control field | 190604b xxu||||| |||| 00| 0 eng d |
| 020 ## - INTERNATIONAL STANDARD BOOK NUMBER | |
| ISBN | 978-81-85790-10-7 |
| 041 ## - LANGUAGE CODE | |
| Language code of text/sound track or separate title | eng |
| 100 ## - MAIN ENTRY--AUTHOR NAME | |
| Personal name | D'SOUZA, DR. JOHN. I AND KILLEDAR, DR. SURESH G. |
| 245 ## - TITLE STATEMENT | |
| Title | BIOTECHNOLOGY AND FERMENTATION PROCESS |
| 250 ## - EDITION STATEMENT | |
| Edition statement | 7th, Ed. 2016 |
| 260 ## - PUBLICATION, DISTRIBUTION, ETC. (IMPRINT) | |
| Place of publication | PUNE |
| Name of publisher | NIRALI PRAKASHAN |
| 300 ## - PHYSICAL DESCRIPTION | |
| Number of Pages | I.6p, |
| 942 ## - ADDED ENTRY ELEMENTS (KOHA) | |
| Koha item type | Books |
| Lost status | Damaged status | Collection code | Home library | Current library | Shelving location | Date acquired | Source of acquisition | Cost, normal purchase price | Accession Number | Koha item type |
|---|---|---|---|---|---|---|---|---|---|---|
| Reference | JRU Library | JRU Library | SHELF-5-D | 04/06/2019 | PURCHESS | 350.00 | 22986 | Books | ||
| PHARMACY | JRU Library | JRU Library | SHELF - 17 - I | 04/06/2019 | PURCHESS | 350.00 | 22987 | Books | ||
| PHARMACY | JRU Library | JRU Library | SHELF - 17 - H | 04/06/2019 | PURCHESS | 350.00 | 22988 | Books |